000 00537nam a2200157Ia 4500
008 220216s9999 xx 000 0 und d
100 _aLicy J
245 0 _aPromising rubber planting materials and the concept of multiclone planting
260 _bPapers presented at the Seminar on Reduction of Immaturity Period and New Clones of Hevea, UPASI, Kottayam, 1997
650 _aMulticlone planting
650 _aPlanting materials
650 _aRubber clones
700 _aMercykutty V C
700 _aSaraswathyamma C K
942 _cJS
999 _c65940
_d65940